Vai trò của văn học nghệ thuật và văn nghệ sĩ Sài Gòn - Chợ Lớn - Gia Định góp phần vào sự nghiệp giải phóng dân tộc, xây dựng đất nước

Tập hợp hơn 70 bài viết về những đóng góp của văn học, nghệ thuật và đội ngũ văn nghệ sĩ Sài Gòn - Chợ Lớn - Gia Định đối với công cuộc đấu tranh giải phóng miền Nam, thống nhất đất nước; phát huy truyền thống yêu nước, cách mạng t...

Cijeli opis

Spremljeno u:
Bibliografski detalji
Glavni autor: Nhiều tác giả
Daljnji autori: Nguyễn, Hồng Vinh
Format: Knjiga
Jezik:Undetermined
Izdano: Tp. Hồ Chí Minh Tổng hợp TP.HCM 2017
Teme:
Online pristup:http://lrc.tdmu.edu.vn/opac/search/detail.asp?aID=2&ID=40813
Oznake: Dodaj oznaku
Bez oznaka, Budi prvi tko označuje ovaj zapis!
Thư viện lưu trữ: Trung tâm Học liệu Trường Đại học Thủ Dầu Một
LEADER 01759nam a2200217Ia 4500
001 TDMU_40813
008 210410s9999 xx 000 0 und d
082 |a 620.115 
090 |b V103 
100 |a Nhiều tác giả 
245 0 |a Vai trò của văn học nghệ thuật và văn nghệ sĩ Sài Gòn - Chợ Lớn - Gia Định góp phần vào sự nghiệp giải phóng dân tộc, xây dựng đất nước 
245 0 |c Nguyễn Hồng Vinh, Đinh Xuân Dũng, Phạm Phương Thảo...[và những người khác] 
260 |a Tp. Hồ Chí Minh 
260 |b Tổng hợp TP.HCM 
260 |c 2017 
300 |a 806tr. 
520 |a Tập hợp hơn 70 bài viết về những đóng góp của văn học, nghệ thuật và đội ngũ văn nghệ sĩ Sài Gòn - Chợ Lớn - Gia Định đối với công cuộc đấu tranh giải phóng miền Nam, thống nhất đất nước; phát huy truyền thống yêu nước, cách mạng trong sự nghiệp xây dựng và phát triển đất nước, hội nhập quốc tế và xây dựng Thành phố Hồ Chí Minh có chất lượng sống tốt, văn minh, hiện đại 
650 |a Văn học nghệ thuật  |x Vai trò  |x Sự nghiệp giải phóng dân tộc  |z Sài Gòn (Việt Nam); Văn học  |x Vai trò  |x Giải phóng dân tộc; Nghệ thuật  |x Vai trò  |x Giải phóng dân tộc 
700 |a Nguyễn, Hồng Vinh 
856 |u http://lrc.tdmu.edu.vn/opac/search/detail.asp?aID=2&ID=40813 
980 |a Trung tâm Học liệu Trường Đại học Thủ Dầu Một